000 00726nam a2200217Ia 4500
003 OSt
005 20260203144210.0
008 220923b |||||||| |||| 00| 0 eng d
020 _a9780822351108
037 _cGeneral Book
040 _aRTL
_cRTL
_beng
041 _2eng
_aeng
084 _a Y:44.2.P, Q2
_q RTL
100 _aGupta Akhil
_91113430
245 0 _aRed tape: bureaucracy, structural violence, and poverty in India
260 _aDurham
_bDuke University Press
_c2012
300 _axiii, 368 p.
_b Includes bibliographical references and index
650 _aSociology
_91113431
942 _h Y:44.2.P, Q2
_cGB
_2CC
_n0
999 _c546345
_d546345